Estereoquímica y su aplicacion en bioquímica : (Record no. 6672)

000 -CABECERA
fixed length control field 01195nam a22002657a 4500
003 - IDENTIFICADOR DEL NÚMERO DE CONTROL
control field AR-CdUCM
008 - DATOS DE LONGITUD FIJA--INFORMACIÓN GENERAL
fixed length control field 190319b ||||| |||| 00| 0 spa d
020 ## - NÚMERO INTERNACIONAL ESTÁNDAR DEL LIBRO
ISBN 0-471-02518-6
040 ## - FUENTE DE LA CATALOGACIÓN
Agencia/entidad que catalogó originalmente la obra MUNICIPALIDAD PROVINCIAL DEL CUSCO
Entidad que transcribió la catalogación BIBLIOTECA MUNICIPAL DEL CUSCO
082 ## - NÚMERO DE LA CLASIFICACIÓN DECIMAL DEWEY
No. de Clasificación 541.1 /
Notacion interna AL49
100 ## - ENTRADA PRINCIPAL--NOMBRE DE PERSONA
Nombre Personal Alworth, W. L.
245 ## - MENCIÓN DE TÍTULO
Título Estereoquímica y su aplicacion en bioquímica :
Resto del título La relación entre la simetría del sustrato y la estereoespecificidad biológica /
260 ## - PUBLICACIÓN, DISTRIBUCIÓN, ETC.
Lugar de publicación, distribución, etc. Madrid :
Nombre de la editorial, distribuidor, etc. Alhambra,
Fecha de publicación, distribución, etc. 1980.
300 ## - DESCRIPCIÓN FÍSICA
Nº de Páginas Extensión 376 páginas ;
Otros detalles físicos Ilustraciones,
Dimensiones 20 cm.
440 ## - MENCIÓN DE SERIE/PUNTO DE ACCESO ADICIONAL--TÍTULO
Título Exedra - Ciencia técnica ingeniería.
Número de la parte/sección de una obra 125
9 (RLIN) 18772
505 ## - NOTA DE CONTENIDO CON FORMATO
Nota de contenido formateada Desarrollo del concepto de estereoespecificidad biológica -- Introducción a la simetría molecular -- Disimétrica molecular, actividad óptica y estereoespecificidad biológica -- Aplicaciones representativas del análisis estereoquimico ...
650 ## - PUNTO DE ACCESO ADICIONAL DE MATERIA--TÉRMINO DE MATERIA
Descriptor Bioquímica
9 (RLIN) 18733
650 ## - PUNTO DE ACCESO ADICIONAL DE MATERIA--TÉRMINO DE MATERIA
Descriptor Estereoquímica
9 (RLIN) 18773
700 ## - PUNTO DE ACCESO ADICIONAL--NOMBRE DE PERSONA
Nombre Personal Marquet Cortés, J.
9 (RLIN) 18774
700 ## - PUNTO DE ACCESO ADICIONAL--NOMBRE DE PERSONA
Nombre Personal Moreno Mañas, M.
9 (RLIN) 18775
942 ## - ELEMENTOS DE PUNTO DE ACCESO ADICIONAL (KOHA)
Fuente de clasificación
Tipo de item Libros-BMC
945 ## - PROCESAMIENTO DE INFORMACIÓN LOCAL (OCLC)
Catalogador acv
Holdings
Estado de retiro (separado) Fuente de clasificación o esquema de estanterías Estado dañado Ubicación Sala donde se ubica Nombre de la colección Fecha de adquisición o compra Costo, precio normal en soles Signatura topográfica Código de Barras Última vez visto (Koha) Tipo de ítem (Koha)
No     Sala Ciencias Sala Ciencias Book Cart 2019-03-19 20.00 541.1 / AL49 SC0000000060 2019-03-19 Libros-BMC

Powered by Koha